00465 2200193 4500001002100000008004100021035002000062245005200082100002100134250000600155260002600161300001200187084001400199082000800213650001400221990001200235990001200247990001200259INLIS000000000001138 ind  a0010-0524000373 aKisah Teladan 25 Nabi & RasulcMB. Rahimsyah AR aMB. Rahimsyah AR a1 aSolo :bLingkar Media a128 hlm a200 RAH k a200 aNon Fiksi a0744124 a0744125 a0744126